000 00542cam a22002171 4500
001 sa 64004660
003 DLC
005 20260227112027.0
008 890415s1964 xx 000 0 hino
010 _asa 64004660
035 _a(OCoLC)23544104
040 _aDLC
_cMiU
_dDLC
042 _apremarc
050 0 0 _aHB180.H5
_bM52
100 1 _aMittala, S. C.
245 1 0 _aEḍavāṃsḍa bizanaisa ikônômiksa.
260 _c[1964]
300 _a1 v.
_b(various pagings) illus.
_c23 cm.
500 _aRomanized.
650 0 _aEconomics
999 _c58671
_d58671